| 000 | 00977nam0a22002891 4500 | ||
|---|---|---|---|
| 001 | RU\INGAK2\INFOCOMM_322\NLR\5000175234 | ||
| 005 | 20250625202932.0 | ||
| 035 | _a(NLR Aleph) 011041712 | ||
| 090 |
_a11156463 _c11156463 |
||
| 100 | _a20130213d1935 |||y0rusy50 ca | ||
| 101 | 0 | _ager | |
| 102 | _aRU | ||
| 105 | _ay z|||| | ||
| 200 | 1 |
_aDie kicher (nut) _eIhre Kultur im Transwolgagebiet _fE. E. Malinina |
|
| 210 |
_aEngels _cDeutscher Staatsverlag _d1935 |
||
| 215 |
_a49, [1] с. _cил. _d17 см |
||
| 225 | 1 |
_aVeröffentlichungen _fKrassny-Kuter selektions-versuchsstation _v1935 |
|
| 300 | _aНа 4-й с. обл.: Е. Е. Малинина. Возделывание нута в Заволжье | ||
| 320 | _aБиблиогр.: с. 42 | ||
| 620 | _aЭнгельс | ||
| 700 | 1 |
_aMalinina _bE. E. _gEkaterina Evgen'evna |
|
| 801 | 1 |
_aRU _bInfoComm _c20130213 |
|
| 801 | 0 |
_aRU _bNLR _gPSBO |
|
| 852 |
_aNLR _jD8/904 _y2 экз. |
||
| 942 | _cBOOK | ||
| 980 | _aNB | ||